000 00875nam a2200241Ia 4500
999 _c41204
_d41204
001 7856
003 GE_BSU
005 20221116105838.0
008 181216s2008eng |||||||||||||| ||eng||
020 _a9780132340571 x
040 _cGE_BSU
041 _aeng
080 _a658 F-38
100 _aFenich Ph.D.
_913109
245 _aMeeting, Expositions, Events and Conventions /
_cFenich Ph.D., George G.
264 _aNew Jersey :
_bUpper Saddle River,
_c2008.
300 _a532 p.;
_bIll.;
_c25 cm.
653 _aMeeting, Expositions, Events and conventions
653 _aშეხვედრები, გამოფენები, ღონისძიებები და კონვენციები
653 _aВстречи, выставки, события и съезды
700 _aGeorge, G.
_eავტორი
_913110
942 _cBK
_2udc